000 00903nam a22002175i 4500
001 161679
003 ES-MaACL
005 20251116063110.0
008 041022s1875 sp |||| | spa d
040 _aCAM
_bspa
_cCAM
080 _a821.134.2-14"18"
100 1 _aPeñaranda Carlos,
_d1848-1908
_9131101
245 1 0 _aCantos del pueblo
_b: (notas de una lira) /
_cCarlos Peñaranda ; precedidos de una carta de Victor Hugo.
260 _aMadrid :
_b[s.n.],
_c1875 (
_fImprenta, estereotipia y galvanoplastia de Aribau y cª)
300 _a196 p. ;
_c16 cm.
530 _aDisponible en formato digital.
700 1 _aHugo, Victor,
_d1802-1885
_964627
852 _aES-MaACL
_jT-211-F-6
_z-- Enc. hol.
_q-- Falto de la cub. original
_z-- Enc. en un vol. facticio
856 _uhttp://bdh-rd.bne.es/viewer.vm?id=0000050177&page=1
_zBiblioteca Digital Hispánica
999 _c161679
_d161679